[Event "Challenge"]
[Site "http://www.queenalice.com/game.php?id=926397"]
[Date "2011.4.15"]
[Round "-"]
[White "WelintonMaia"]
[Black "ReiNato"]
[Result "0-1"]
[WhiteElo "1753"]
[BlackElo "1822"]

1. d4 e6 2. e4 c6 3. Nc3 Ne7 4. Nf3 Ng6 5. Bg5 f6 6. Be3 Bb4 7. Qd3 Bxc3+ 8.
Qxc3 O-O 9. Qc5 d6 10. Qh5 Bd7 11. e5 dxe5 12. dxe5 Nxe5 13. Nxe5 Qa5+ 14. Bd2
Qxe5+ 15. Qxe5 fxe5 16. Bc4 b5 17. Bd3 c5 18. b3 Bc6 19. O-O e4 20. Be2 c4 21.
Bb4 Rf7 22. bxc4 bxc4 23. Bxc4 Bd5 24. Be2 Nd7 25. a4 a5 26. Bd6 Rf6 27. c4 Bc6
28. Bg4 g6 29. Ra3 h5 30. Bd1 e5 31. Re3 Rxd6 32. Bb3 Nc5 33. f3 exf3 34. gxf3
Nxb3 35. Rxb3 Bxa4 36. Re3 Re8 37. f4 Rde6 38. f5 gxf5 39. Rxf5 R8e7 40. Rxh5
Rg6+ 41. Kf2 Rf7+ 42. Ke2 Rg2+ 43. Kd3 Bb3 44. Rexe5 a4 45. c5 a3 46. Re8+ Kg7
47. Ra8 a2 48. c6 Bc2+ 49. Kc3 Be4 50. Ra6 Bxc6 51. h4 Rg3+ 52. Kb2 Rf2+ 53. Kc1
Rg1# 0-1

[Event "AUTO-OPEN-2337"]
[Site "http://www.queenalice.com/game.php?id=928130"]
[Date "2011.4.20"]
[Round "1"]
[White "Cioti"]
[Black "WelintonMaia"]
[Result "0-1"]
[WhiteElo "1170"]
[BlackElo "1751"]

1. e4 e5 2. Nf3 d6 3. d4 exd4 4. Nxd4 Nf6 5. Bg5 h6 6. Bxf6 Qxf6 7. Nf5 Qxb2 8.
Nd2 Bxf5 9. Qc1 Qe5 10. Qb1 b6 11. Bb5+ Nd7 12. O-O Bg4 13. f3 Bh5 14. Qb4 Be7
15. Qa4 O-O 16. Bxd7 Qf4 17. Nb3 Bf6 18. Qc4 Bxa1 19. Rxa1 Qg5 20. g4 Bg6 21.
Rd1 a6 22. Qxc7 Qe3+ 23. Kg2 Qe2+ 24. Kg3 Qxd1 25. c4 h5 26. Kh4 hxg4 27. fxg4
Qe1+ 28. Kg5 Qxe4 29. Bf5 Bxf5 30. gxf5 f6+ 31. Kg6 Qg4# 0-1

[Event "AUTO-OPEN-2337"]
[Site "http://www.queenalice.com/game.php?id=928131"]
[Date "2011.4.20"]
[Round "1"]
[White "WelintonMaia"]
[Black "Cioti"]
[Result "1-0"]
[WhiteElo "1762"]
[BlackElo "1170"]

1. d4 Nc6 2. e3 d5 3. Nf3 Bg4 4. h3 Bxf3 5. Qxf3 e6 6. Bb5 a6 7. Bxc6+ bxc6 8.
O-O h5 9. Nc3 h4 10. Bd2 Rb8 11. Na4 Bb4 12. c3 Ba3 13. bxa3 Rb2 14. Nxb2 Qb8
15. Rab1 f5 16. Na4 Qd8 17. Nc5 Qd6 18. Nxa6 Qxa3 19. Nxc7+ Kd8 20. Qf4 Qxa2 21.
Nxe6+ Ke7 22. Nxg7 Qxd2 23. Nxf5+ Kd7 24. Rb8 Qxc3 25. Qd6# 1-0

[Event "AUTO-OPEN-2337"]
[Site "http://www.queenalice.com/game.php?id=928150"]
[Date "2011.4.20"]
[Round "1"]
[White "mefhistofoles"]
[Black "WelintonMaia"]
[Result "1-0"]
[WhiteElo "1500"]
[BlackElo "1764"]

1. c4 e5 2. Nc3 Bb4 3. Nf3 Bxc3 4. bxc3 d6 5. d4 e4 6. Nd2 Qh4 7. g3 Qg4 8. Qc2
Bf5 9. e3 Nf6 10. h3 Qh5 11. Bg2 Be6 12. Nxe4 c6 13. Nxd6+ Ke7 14. Ba3 Kd7 15.
Nxb7 Bxc4 16. g4 Qb5 17. Rb1 Qg5 18. Nc5+ Kd8 19. Qa4 Nbd7 20. Qxc4 Qg6 21. O-O
Nb6 22. Nb7+ Ke8 23. Qxc6+ Nbd7 24. Nd6+ Ke7 25. Nf5+ Ke8 26. Qxa8+ Nb8 27.
Rxb8+ Kd7 28. Qc6# 1-0

[Event "AUTO-OPEN-2337"]
[Site "http://www.queenalice.com/game.php?id=928151"]
[Date "2011.4.20"]
[Round "1"]
[White "WelintonMaia"]
[Black "mefhistofoles"]
[Result "1-0"]
[WhiteElo "1752"]
[BlackElo "1554"]

1. d4 Nf6 2. Nc3 c5 3. dxc5 Na6 4. Be3 e6 5. Na4 Qa5+ 6. c3 Ng4 7. Bd4 e5 8. b4
Qb5 9. e3 Qc6 10. Qxg4 Qxa4 11. Qe4 f6 12. c4 Qxb4+ 13. Kd1 Kd8 14. Rb1 Qa4+ 15.
Qc2 Qxc2+ 16. Kxc2 exd4 17. exd4 d6 18. cxd6 Bxd6 19. Bd3 Nb4+ 20. Kd2 Nxd3 21.
Kxd3 Bf5+ 22. Kc3 Bxb1 23. c5 Bc7 24. a4 Re8 25. Nf3 Be4 26. Nh4 g5 27. Nf3 Bxf3
28. gxf3 Re2 29. Rf1 h5 30. h3 Kd7 31. Rb1 Kc6 32. Kc4 Rd8 33. Rd1 Rxf2 34. d5+
Kd7 35. Rb1 Kc8 36. Rb3 Be5 37. a5 1-0

[Event "AUTO-OPEN-2337"]
[Site "http://www.queenalice.com/game.php?id=928160"]
[Date "2011.4.20"]
[Round "1"]
[White "Football_rules"]
[Black "WelintonMaia"]
[Result "1-0"]
[WhiteElo "1742"]
[BlackElo "1701"]

1. e4 e5 2. d3 Nf6 3. h3 d5 4. exd5 Nxd5 5. Nd2 Bb4 6. a3 Ba5 7. b4 Bb6 8. Ngf3
O-O 9. Nxe5 Re8 10. Nf3 f6 11. c4 fxe5 12. cxd5 Qf6 13. Be2 Qd6 14. Qb3 Kh8 15.
Bb2 c6 16. Qc4 cxd5 17. Qh4 Bd8 18. Ng5 Qg6 19. Bh5 Bxg5 20. Bxg6 Bxh4 21. Bxe8
d4 22. Rc1 Be6 23. Ba4 Bd5 24. g3 Nc6 25. O-O Bg5 26. Rc2 a6 27. b5 axb5 28.
Bxb5 Bb3 29. Re2 Bf6 30. Rfe1 h6 31. h4 Ne7 32. g4 g5 33. hxg5 Bxg5 34. Rxe5 Nd5
35. Bxd4 Kg8 36. Rb1 Rxa3 37. Bc5 Ra5 38. Re8+ Kh7 39. Rxb3 Nc7 40. Bb6 Ra1+ 41.
Kg2 Nxe8 42. Bxe8 Bd2 43. Bc7 Ra7 44. d4 b6 45. Bxb6 Rb7 46. Bc6 Rb8 47. Be4+
Kg8 48. d5 Rf8 49. d6 Bg5 50. d7 Kg7 51. Bd4+ Kg8 52. Bd5+ Kh7 53. Rb7 Kg6 54.
Be4+ Kf7 55. d8=Q+ Kg8 56. Qd5+ Rf7 57. Qxf7# 1-0

[Event "AUTO-OPEN-2337"]
[Site "http://www.queenalice.com/game.php?id=928161"]
[Date "2011.4.20"]
[Round "1"]
[White "WelintonMaia"]
[Black "Football_rules"]
[Result "1-0"]
[WhiteElo "1687"]
[BlackElo "1750"]

1. d4 d5 2. Nc3 e6 3. Nf3 f6 4. e3 Bd6 5. Bd3 Nc6 6. a3 a6 7. h3 Nge7 8. O-O g5
9. Na4 h5 10. g3 Qd7 11. Bd2 e5 12. dxe5 fxe5 13. Nxg5 Rg8 14. Qxh5+ Ng6 15.
Bxg6+ Kd8 16. Nf7+ Ke7 17. Qh7 Kf8 18. e4 Rxg6 19. Qxg6 Qxf7 20. Bh6+ Ke8 21.
Qg5 Bxh3 22. Rfe1 Nd4 23. Rac1 Nf3+ 24. Kh1 Nxg5 25. Bxg5 Qxf2 26. Rg1 dxe4 27.
Nc3 Kd7 28. Nxe4 Qf3+ 29. Kh2 Qh5 30. Nf6+ Kc6 31. Nxh5 Bg4 32. Nf6 Rh8+ 33. Bh4
Be6 34. Ne4 Bd5 35. Nc3 Be6 36. a4 Kb6 37. Kg2 Bd7 38. Nd5+ Ka7 39. c4 Bxa4 40.
c5 Bb5 41. cxd6 cxd6 42. Be7 Bc6 43. Rgd1 Rh6 44. Kf3 Rg6 45. g4 Re6 46. Kg3 e4
47. Kf4 Re5 48. g5 Bxd5 49. Bxd6 Re8 50. Rxd5 e3 51. g6 e2 52. Re1 b5 53. Re5
Rd8 54. g7 Rxd6 55. g8=Q Rd1 56. Re7+ Kb6 57. R1xe2 Ka5 58. Qa2+ Kb6 59. R2e6+
1-0

[Event "AUTO-ADV-2133"]
[Site "http://www.queenalice.com/game.php?id=928178"]
[Date "2011.4.20"]
[Round "1"]
[White "carito30236"]
[Black "WelintonMaia"]
[Result "0-1"]
[WhiteElo "1620"]
[BlackElo "1741"]

1. c4 e5 2. e4 Nf6 3. d3 Bb4+ 4. Bd2 Bxd2+ 5. Nxd2 O-O 6. h4 d6 7. Be2 Nc6 8. g4
Nd4 9. g5 Nd7 10. Ngf3 Nxf3+ 11. Bxf3 Nc5 12. Qc2 Be6 13. O-O-O c6 14. Rdg1 Qa5
15. a3 Na4 16. b4 Qa6 17. h5 Nb6 18. Qb3 Nd7 19. g6 h6 20. Bg4 Bxg4 21. Rxg4 f6
22. c5+ d5 23. f4 Kh8 24. a4 d4 25. Rf1 b6 26. Nc4 bxc5 27. fxe5 Nxe5 28. Nxe5
fxe5 29. Rf7 cxb4 30. Rxg7 Kxg7 31. Rg3 Rf1+ 32. Kd2 Raf8 33. Rg2 R8f3 34. Qc4
Qxa4 35. Qf7+ Rxf7 36. gxf7+ Kxf7 37. Ke2 Qd1# 0-1

[Event "AUTO-ADV-2133"]
[Site "http://www.queenalice.com/game.php?id=928179"]
[Date "2011.4.20"]
[Round "1"]
[White "WelintonMaia"]
[Black "carito30236"]
[Result "1-0"]
[WhiteElo "1680"]
[BlackElo "1550"]

1. d4 d5 2. Nf3 h6 3. Nc3 Nf6 4. e3 a6 5. Bd3 Nc6 6. O-O Bg4 7. h3 Bxf3 8. Qxf3
b5 9. Bd2 b4 10. Na4 e5 11. dxe5 Nxe5 12. Qe2 Bd6 13. b3 Qc8 14. c3 a5 15. Bb5+
Kf8 16. cxb4 Bxb4 17. Bxb4+ Kg8 18. Bc3 Qf5 19. Bxe5 Qxe5 20. Nc5 g5 21. Rad1 d4
22. Rc1 Kg7 23. Rfe1 Rad8 24. Nb7 d3 25. Bxd3 Ra8 26. Nc5 h5 27. a4 g4 28. h4 g3
29. Qf3 gxf2+ 30. Qxf2 Ng4 31. Qf4 Qxf4 32. exf4 Rhe8 33. Rxe8 Rxe8 34. Nb7 Rb8
35. Rxc7 Re8 36. Rc1 Re3 37. Nc5 Re8 38. Bf5 Ne3 39. Re1 Kf6 40. Bd7 Re7 41. Kf2
Nd5 42. Rxe7 Nxe7 43. Nb7 Nd5 44. g3 Ke7 45. Bc6 Nb4 46. Nxa5 Kd6 47. Be8 Ke7
48. Bc6 f5 49. Kf3 Kf6 50. Bb5 Nd5 51. Nc6 Ke6 52. a5 Kd6 53. a6 Nb6 54. Ba4 Kc5
55. a7 Kd6 56. b4 Kc7 57. b5 Kb7 58. Bc2 Nc8 59. Bxf5 Kb6 60. a8=Q Nd6 61. Qb8+
Kc5 62. b6 Kxc6 63. Qc7+ Kd5 64. b7 Nb5 65. Qa5 Kc4 66. b8=Q Nd4+ 67. Ke4 Nc6
68. Qbb5# 1-0

[Event "AUTO-ADV-2133"]
[Site "http://www.queenalice.com/game.php?id=928196"]
[Date "2011.4.20"]
[Round "1"]
[White "WelintonMaia"]
[Black "ozzyvegeta"]
[Result "0-1"]
[WhiteElo "1749"]
[BlackElo "1956"]

1. d4 d5 2. Nf3 Nf6 3. Ne5 c6 4. e3 e6 5. Nc3 Bd6 6. Nf3 O-O 7. Bd3 Nbd7 8. O-O
Re8 9. Ng5 h6 10. Nf3 e5 11. dxe5 Nxe5 12. Nxe5 Bxe5 13. Na4 Bg4 14. f3 Bh5 15.
Nc5 b6 16. Na6 Qd6 17. Bd2 Bxb2 18. Rb1 Ba3 19. g4 Bg6 20. Bxg6 fxg6 21. Nb4 a5
22. Nd3 c5 23. f4 Ne4 24. Be1 c4 25. Ne5 Bc5 26. Nf3 Bxe3+ 27. Kh1 Bxf4 28. Qd4
Nf6 29. Rg1 Re4 30. Qd1 Rae8 31. Bd2 Bxd2 32. Qxd2 Re2 33. Qd4 R8e3 34. Rbe1 Re4
35. Qb2 Qf4 36. Rxe2 Rxe2 37. Rf1 Nxg4 38. Qc3 Nf2+ 39. Rxf2 Rxf2 40. a4 Rxf3
41. Qe1 Rf1+ 42. Qxf1 Qxf1# 0-1

[Event "AUTO-ADV-2133"]
[Site "http://www.queenalice.com/game.php?id=928197"]
[Date "2011.4.20"]
[Round "1"]
[White "ozzyvegeta"]
[Black "WelintonMaia"]
[Result "1-0"]
[WhiteElo "1920"]
[BlackElo "1740"]

1. e4 e5 2. Nf3 Nf6 3. Nc3 d6 4. Bc4 h6 5. O-O Be7 6. d4 exd4 7. Nxd4 O-O 8. f4
Ng4 9. h3 Nf6 10. Qf3 Qd7 11. Be3 b6 12. Rad1 Bb7 13. Nd5 Nxd5 14. exd5 Qa4 15.
Bb3 Qd7 16. f5 c5 17. Ne2 Bf6 18. Ng3 Bxb2 19. f6 Bxf6 20. Bxh6 gxh6 21. Qxf6
Ba6 22. Nh5 Bxf1 23. Qg7# 1-0

[Event "AUTO-ADV-2133"]
[Site "http://www.queenalice.com/game.php?id=928198"]
[Date "2011.4.20"]
[Round "1"]
[White "WelintonMaia"]
[Black "vult0"]
[Result "0-1"]
[WhiteElo "1764"]
[BlackElo "1834"]

1. d4 d5 2. Nf3 Nf6 3. Nc3 e6 4. a3 c5 5. Be3 c4 6. Bf4 a6 7. e3 Be7 8. h3 Nc6
9. Be2 O-O 10. O-O b5 11. b4 Nh5 12. Ne5 Nxf4 13. exf4 Qc7 14. Bh5 Bb7 15. Qg4
Nxe5 16. Qe2 Ng6 17. Bg4 Nxf4 18. Qf3 Ng6 19. Ne2 e5 20. Rae1 e4 21. Qf5 Nh4 22.
Qh5 Bc8 23. Bxc8 Raxc8 24. Qxd5 Rce8 25. g3 Nf3+ 26. Kg2 Nxe1+ 27. Rxe1 Bd8 28.
Nf4 Bg5 29. Nh5 Bh6 30. c3 Re6 31. Qf5 Qc6 32. Kf1 Qc8 33. h4 e3 34. g4 exf2 35.
Kxf2 Rxe1 36. Qf3 Rfe8 37. Nf4 Bxf4 38. Qxf4 R8e2+ 39. Kf3 Rf1+ 40. Kxe2 Rxf4
41. Ke3 Rxg4 42. Kf2 Qf5+ 43. Ke1 Qc2 44. d5 Rg1# 0-1

[Event "AUTO-ADV-2133"]
[Site "http://www.queenalice.com/game.php?id=928199"]
[Date "2011.4.20"]
[Round "1"]
[White "vult0"]
[Black "WelintonMaia"]
[Result "1-0"]
[WhiteElo "1800"]
[BlackElo "1777"]

1. e4 e5 2. Nf3 Nc6 3. Bc4 h6 4. c3 Nf6 5. d3 Ng4 6. Nbd2 Na5 7. Bb3 Nxb3 8.
Nxb3 Bc5 9. d4 exd4 10. cxd4 Bb4+ 11. Bd2 Bxd2+ 12. Qxd2 O-O 13. O-O d6 14. d5
Qf6 15. Rae1 Ne5 16. Nxe5 dxe5 17. Re3 b6 18. Rg3 Ba6 19. Re1 Qh4 20. Ree3 f5
21. exf5 Rxf5 22. Rh3 Qa4 23. a3 Bc4 24. Nc1 Rd8 25. Qc3 Rxd5 26. Rh4 Rf4 27.
Rhh3 Re4 28. Rxe4 b5 29. Re1 c5 30. b3 Qxa3 31. bxc4 Qxc3 32. Rxc3 bxc4 33. Rxc4
Kf7 34. Nb3 g5 35. Nxc5 Kf6 36. Ne4+ Kf5 37. g4+ Kxg4 38. Nf6+ Kh3 39. Re3# 1-0

[Event "Ren 1 X 0 Wel"]
[Site "http://www.queenalice.com/game.php?id=937507"]
[Date "2011.5.13"]
[Round "-"]
[White "ReiNato"]
[Black "WelintonMaia"]
[Result "0-1"]
[WhiteElo "1784"]
[BlackElo "1731"]

1. e4 e5 2. Nf3 Nc6 3. Bc4 h6 4. O-O Nf6 5. d4 exd4 6. Nxd4 Ne5 7. Bd3 Bc5 8. c3
O-O 9. Be3 Neg4 10. h3 Nxe3 11. fxe3 d5 12. e5 Ne4 13. Bxe4 dxe4 14. Nd2 Qg5 15.
Nxe4 Qxe3+ 16. Nf2 Qxe5 17. b4 Bb6 18. Qd3 c5 19. bxc5 Bc7 20. Qc4 Qh2# 0-1

[Event "Quem és Tu, Coriolano??? "]
[Site "http://www.queenalice.com/game.php?id=948506"]
[Date "2011.6.11"]
[Round "-"]
[White "ReiNato"]
[Black "WelintonMaia"]
[Result "1-0"]
[WhiteElo "1755"]
[BlackElo "1743"]

1. e4 e5 2. Nf3 d6 3. Bc4 h6 4. O-O Nf6 5. d4 Nxe4 6. dxe5 Be7 7. Qd5 Ng5 8.
Nxg5 hxg5 9. Qxf7+ Kd7 10. e6+ Kc6 11. Qf3+ d5 12. Nc3 Bxe6 13. Bb5+ Kb6 14.
Qe3+ Bc5 15. Qxe6+ c6 16. Bd3 Rf8 17. Na4+ Kc7 18. Nxc5 b6 19. Nb3 Nd7 20. f4
Rf6 21. Qg4 Qf8 22. Qxg5 Re8 23. Nd4 c5 24. Nb5+ Kb8 25. c4 d4 26. f5 Ne5 27.
Bf4 a6 28. Bxe5+ Rxe5 29. Na3 Qd6 30. Qxg7 Rh6 31. Qg3 Ka7 32. Rae1 Rxe1 33.
Rxe1 Qf8 34. Qc7+ Ka8 35. Be4+ Rc6 36. Qxc6+ Kb8 37. Qb7# 1-0

[Event "Tenha pena do velhinho!!!"]
[Site "http://www.queenalice.com/game.php?id=948507"]
[Date "2011.6.11"]
[Round "-"]
[White "WelintonMaia"]
[Black "ReiNato"]
[Result "1/2-1/2"]
[WhiteElo "1760"]
[BlackElo "1795"]

1. e4 c6 2. d4 e6 3. Nc3 Bb4 4. Bd2 Ne7 5. a3 Bxc3 6. Bxc3 Ng6 7. Nf3 O-O 8. Bd3
f5 9. e5 Nf4 10. O-O Nxd3 11. Qxd3 b5 12. Bb4 Rf7 13. Ng5 Qxg5 14. Rae1 a5 15.
Bd2 Qg6 16. Re3 Bb7 17. Rg3 Qh5 1/2-1/2

[Event "AUTO-ADV-2218"]
[Site "http://www.queenalice.com/game.php?id=960114"]
[Date "2011.7.14"]
[Round "1"]
[White "favazza2007"]
[Black "WelintonMaia"]
[Result "1-0"]
[WhiteElo "1927"]
[BlackElo "1706"]

1. b4 e5 2. Bb2 d5 3. Bxe5 f6 4. Bc3 Nh6 5. e3 Bd7 6. Qh5+ g6 7. Qxd5 c6 8. Qe4+
Be7 9. Bxf6 Rg8 10. Bxe7 Qxe7 11. Qxe7+ Kxe7 12. f3 Bf5 13. e4 Be6 14. d4 Re8
15. Bd3 Nd7 16. Ne2 Kd8 17. Nd2 Nf7 18. Bc4 b5 19. Bxe6 Rxe6 20. Nf4 Rf6 21. Nd3
Nb6 22. Nc5 Nd6 23. e5 Rf4 24. exd6 Rxd4 25. c3 Rxd6 26. Nb7+ Kc7 27. Nxd6 Kxd6
28. Rd1 Re8+ 29. Ne4+ Kc7 30. Kf2 Na4 31. Rhe1 Nb2 32. Rd2 Nc4 33. Rde2 Rd8 34.
Nc5 Kb6 35. Re7 Nd6 36. Rxh7 a5 37. Ree7 Rb8 38. Nd7+ Ka6 39. Nxb8+ Kb6 40.
bxa5+ Kxa5 41. Nxc6+ Kb6 42. Nd4 Kc5 43. Re5+ Kc4 44. Rc7+ Kd3 45. Nxb5 Nxb5 46.
Rxb5 Kc2 47. a4 Kc1 48. a5 Kd2 49. a6 Kd3 50. a7 Kc2 51. a8=Q Kd3 52. Qe4+ Kd2
53. Rd7+ Kc1 54. Qb1# 1-0

[Event "AUTO-ADV-2218"]
[Site "http://www.queenalice.com/game.php?id=960115"]
[Date "2011.7.14"]
[Round "1"]
[White "WelintonMaia"]
[Black "favazza2007"]
[Result "0-1"]
[WhiteElo "1699"]
[BlackElo "1967"]

1. e4 e5 2. Nf3 Nc6 3. Nc3 Bc5 4. h3 Nf6 5. Bc4 O-O 6. O-O a6 7. a3 b5 8. Bd5
Bb7 9. Nxe5 Nxd5 10. Nxc6 dxc6 11. exd5 cxd5 12. d4 Bd6 13. Qg4 Bc8 14. Qh5 c6
15. Be3 Qf6 16. Rae1 Qg6 17. Qxg6 fxg6 18. Bg5 Bf5 19. Re2 Rae8 20. Be3 Rf7 21.
Nd1 Rfe7 22. c3 Bf4 23. Rfe1 Bxe3 24. Rxe3 Rxe3 25. Rxe3 Re4 26. b4 Kf7 27. g4
Rxe3 28. Nxe3 Be4 29. f4 h6 30. h4 g5 31. hxg5 hxg5 32. f5 g6 33. Kf2 gxf5 34.
gxf5 Kf6 35. Ng4+ Kxf5 36. Nh6+ Kf4 37. Ng8 g4 38. Ne7 g3+ 39. Kg1 Ke3 40. Nxc6
Kd3 41. Nb8 Kxc3 42. Nxa6 Kxd4 43. a4 bxa4 44. b5 Bd3 45. Kg2 Bxb5 46. Nb4 Kc4
47. Nxd5 Kxd5 48. Kxg3 a3 49. Kf4 a2 50. Kg5 a1=Q 51. Kh4 Qg7 52. Kh5 Bd7 53.
Kh4 Qg4# 0-1

[Event "AUTO-ADV-2218"]
[Site "http://www.queenalice.com/game.php?id=960130"]
[Date "2011.7.14"]
[Round "1"]
[White "maurice91"]
[Black "WelintonMaia"]
[Result "1-0"]
[WhiteElo "1812"]
[BlackElo "1713"]

1. d4 d5 2. c4 dxc4 3. Nc3 Nf6 4. e4 Bg4 5. f3 Bh5 6. Bxc4 e6 7. Nh3 h6 8. Nf2
Bb4 9. O-O O-O 10. Be3 Bg6 11. Qb3 a5 12. a3 Bxc3 13. bxc3 b6 14. Rad1 Nbd7 15.
Bd3 Ne8 16. d5 e5 17. Bb5 Nd6 18. Bc6 Rb8 19. c4 Nc5 20. Qc3 Na4 21. Bxa4 b5 22.
cxb5 Nxb5 23. Bxb5 Rxb5 24. Qxe5 Rb3 25. Rfe1 Re8 26. Qa1 a4 27. Bd4 Qg5 28. Nh3
Qe7 29. Bxg7 Rxa3 30. Qd4 h5 31. Bh6 f6 32. Bc1 Ra2 33. Nf4 Bf7 34. Bd2 Rb8 35.
Bc3 Rb6 36. Ra1 Qa3 37. Rxa2 Qxa2 38. Nd3 Rb1 39. Qxf6 Qc2 40. Qg7# 1-0

[Event "AUTO-ADV-2218"]
[Site "http://www.queenalice.com/game.php?id=960131"]
[Date "2011.7.14"]
[Round "1"]
[White "WelintonMaia"]
[Black "maurice91"]
[Result "0-1"]
[WhiteElo "1727"]
[BlackElo "1785"]

1. e4 c6 2. d4 d5 3. e5 Bf5 4. Nf3 e6 5. Bg5 Be7 6. Bd3 Bxd3 7. Qxd3 Bxg5 8.
Nxg5 Qxg5 9. O-O Nh6 10. Nd2 Qe7 11. h3 Na6 12. a3 Nc7 13. Nb3 Rb8 14. Nc5 b6
15. Na6 Nxa6 16. Qxa6 O-O 17. Rae1 Nf5 18. c3 g6 19. Qa4 c5 20. dxc5 bxc5 21. g4
Nh4 22. f4 Rxb2 23. Rf2 Rxf2 24. Kxf2 g5 25. f5 exf5 26. gxf5 Nxf5 0-1

[Event "AUTO-ADV-2218"]
[Site "http://www.queenalice.com/game.php?id=960142"]
[Date "2011.7.14"]
[Round "1"]
[White "WelintonMaia"]
[Black "Clovisto"]
[Result "0-1"]
[WhiteElo "1694"]
[BlackElo "1748"]

1. e4 e5 2. Nf3 f6 3. Nc3 h5 4. d4 Bd6 5. d5 Bb4 6. Bd2 Bxc3 7. Bxc3 b6 8. Bb5
Ba6 9. Bxa6 Nxa6 10. O-O Nc5 11. Re1 Ne7 12. Nh4 d6 13. Qf3 Qd7 14. h3 O-O-O 15.
Bb4 g5 16. Nf5 Nxf5 17. exf5 e4 18. Qc3 Qxf5 19. Bxc5 dxc5 20. Rad1 Rxd5 21.
Rxd5 Qxd5 22. Qxf6 Rd8 23. b3 Qd2 24. c4 Qxe1+ 25. Kh2 Rd2 26. Kg3 h4+ 27. Kg4
Rxf2 28. Qe6+ Kd8 29. Qd5+ Ke7 30. Qb7 Qe2+ 31. Kxg5 Qe3+ 32. Kxh4 Qf4+ 33. Kh5
Qf5+ 34. Kh4 Qf4+ 35. Kh5 Rxg2 36. Qxc7+ Qxc7 37. Kh6 Qc8 38. Kh5 Qh8# 0-1

[Event "AUTO-ADV-2218"]
[Site "http://www.queenalice.com/game.php?id=960143"]
[Date "2011.7.14"]
[Round "1"]
[White "Clovisto"]
[Black "WelintonMaia"]
[Result "1-0"]
[WhiteElo "1794"]
[BlackElo "1691"]

1. e4 e5 2. Bc4 Nf6 3. d3 h6 4. Nf3 Nc6 5. a3 Bc5 6. Nc3 O-O 7. Nh4 d6 8. O-O
Na5 9. Ng6 Re8 10. Nd5 Nxc4 11. Nxf6+ Qxf6 12. dxc4 Qxg6 13. Qf3 Bg4 14. Qg3
Qxe4 15. h3 Bh5 16. Bxh6 Bg6 17. Bg5 Qxc4 18. h4 Qxc2 19. h5 Bxh5 20. Bh6 Bg6
21. b4 Bd4 22. Rac1 Qf5 23. Be3 Bb2 24. Rxc7 Bxa3 25. Rxb7 a6 26. Ra1 Bxb4 27.
Rxb4 a5 28. Rb5 a4 29. Rb4 a3 30. Rb3 a2 31. Rb2 Qe6 32. Qh4 Reb8 33. Rxb8+ Rxb8
34. Rxa2 Qxa2 35. Qe7 Qd5 36. Ba7 Rb7 37. Qd8+ Kh7 38. Qh4+ Kg8 39. Qd8+ Kh7 40.
Qh4+ Bh5 41. Qxh5+ Kg8 42. Be3 Qe6 43. Qf3 Rb3 44. Qa8+ Kh7 45. Qe4+ f5 46. Qh4+
Kg8 47. Qd8+ Kf7 48. Qc7+ Kg6 49. Qd8 f4 50. Bd2 Qg4 51. Qxd6+ Kh7 52. Qxe5 Rb1+
53. Be1 f3 54. g3 Qh3 55. Qe4+ Kh6 56. Qf4+ Kg6 57. Qd6+ Kf7 58. Qf4+ Ke6 59.
Qe4+ Kf6 60. Qxf3+ Kg5 61. Qf4+ Kh5 62. Qf7+ Kh6 63. Qf4+ g5 64. Qf6+ Kh5 65.
Qh8+ Kg4 66. Qc8+ Kf3 67. Qxh3 Rxe1+ 68. Kh2 g4 69. Qg2+ Ke2 70. Qe4+ Kf1 71.
Qxg4 Kxf2 72. Qf4+ Ke2 73. g4 Kd3 74. g5 1-0